
Library Catalogue

| 000 -LEADER | |
|---|---|
| fixed length control field | 00436nam a2200157Ia 4500 |
| 008 - FIXED-LENGTH DATA ELEMENTS--GENERAL INFORMATION | |
| fixed length control field | 160316s1997 xxu||||| |||| 00| 0 eng d |
| 082 ## - DEWEY DECIMAL CLASSIFICATION NUMBER | |
| Classification number | 342.000000 |
| Item number | SYK |
| 100 ## - MAIN ENTRY--PERSONAL NAME | |
| Personal name | Sykes E I |
| 245 ## - TITLE STATEMENT | |
| Title | General principles of administrative law |
| 250 ## - EDITION STATEMENT | |
| Edition statement | 4th |
| 260 ## - PUBLICATION, DISTRIBUTION, ETC. | |
| Place of publication, distribution, etc. | Sydney |
| Name of publisher, distributor, etc. | Butterworths |
| Date of publication, distribution, etc. | 1997 |
| 300 ## - PHYSICAL DESCRIPTION | |
| Extent | 493p |
| Other physical details | 493p* |
| Dimensions | |
| 365 ## - TRADE PRICE | |
| Price amount | Rs. 2,557.50 |
| 650 ## - SUBJECT ADDED ENTRY--TOPICAL TERM | |
| Topical term or geographic name entry element | 1.Administrative Law - Australia |
| 700 ## - ADDED ENTRY--PERSONAL NAME | |
| Personal name | Llanham D J |
| -- | Tracey R R S |
| Withdrawn status | Lost status | Damaged status | Not for loan | Home library | Current library | Shelving location | Date acquired | Cost, normal purchase price | Total Checkouts | Total Renewals | Full call number | Barcode | Date last seen | Date last checked out | Price effective from | Koha item type |
|---|---|---|---|---|---|---|---|---|---|---|---|---|---|---|---|---|
| NLS | NLS | Library Compactors | 30/05/2017 | 2557.50 | 1 | 1 | 342 SYK | 13212 | 05/06/2023 | 04/04/2023 | 30/05/2017 | BOOKs |